| 000 | 00000nas 2200000za 4500 |
| 001 | 9.507258 |
| 003 | CaOODSP |
| 005 | 20221107133747 |
| 007 | cr ||||||||||| |
| 008 | 150406d20072011oncar p o f0 a0eng|d |
| 020 | |z978-1-100-13218-1|z978-0-662-48793-7 |
| 040 | |aCaOODSP|beng |
| 043 | |an-cn--- |
| 086 | 1 |aHP37-8/1E-PDF|zHP37-8/1-2007E-PDF|zHP37-8/2008-1E-PDF |
| 245 | 00|aC-EnterNet short report |h[electronic resource]. |
| 260 | |a[Ottawa] : |bPublic Health Agency of Canada, |cc2008-2012. |
| 310 | |aAnnual |
| 362 | 1 |aBegan with 2007; ceased with 2011. |
| 500 | |aIssued also in French under title: C-Enternet, rapport sommaire. |
| 692 | 07|2gccst|aFood safety |
| 710 | 2 |aPublic Health Agency of Canada. |
| 775 | 08|tC-Enternet, rapport sommaire |w(CaOODSP)9.503647 |
| 785 | 00|tShort report, FoodNet Canada |w(CaOODSP)9.507786 |